| 000 | 00459nam a2200181Ia 4500 | ||
|---|---|---|---|
| 005 | 20251020182559.0 | ||
| 008 | 200515s9999 xx 000 0 und d | ||
| 082 | _aSC/331.822/.823/C13 | ||
| 100 | _aCABRERA, I. T. | ||
| 245 | 0 | _aManual de seguridad e higiene ocupacionales para la inspección del trabajo | |
| 260 | _aGinebra | ||
| 260 | _cs.a. | ||
| 300 | _a198 | ||
| 650 | _aLIB | ||
| 650 | _aPUB OIT | ||
| 650 | _aSEGURIDAD E HIGIENE | ||
| 942 | _cLIB | ||
| 999 |
_c3001 _d3001 |
||